000 00869cam a2200253 a 4500
001 000019244
005 20200929165947.0
008 800620s1979 cr ab b f000 0 spa d
020 _a8483600056
040 _aDO-SdBNP
_bspa
_cDLC
_dBNPHU
082 _a972.86
_bS333f
100 1 _aSchifter, Jacobo,
_d1952-
_941410
245 1 3 _aLa fase oculta de la guerra civil en Costa Rica /
_cJacobo Schifter.
260 _aCosta Rica :
_bUniversitaria Centroamericana (EDUCA),
_c1979.
300 _a158 p. :
_bil., mapas ;
_c18 cm.
490 1 _aSeis
504 _aIncluye referencias bibliográficas: p. [153] -156.
651 4 _aCosta Rica
_xPolítica Y Gobierno
_y1821-1948.
_941411
651 4 _aCosta Rica
_xHistoria
_xRevolución
_y1948
_941412
651 4 _aCosta Rica
_xHistoria
_99069
830 0 _aSeis
_941413
910 _aCatalogación derivada / LC
049 _aBNGR
999 _c18762
_d18762